00436nam a2200145 a 450000500170000000800410001705000230005810000240008124500620010530000350016752100070020265000420020965000250025165000140027620140311163001.0020819s19uu xx 00 eng d aKF 1600b.M39 1996 aMcCarty, F. William aThe Legal environments of business /cF. William McCarty. a795 p. :bcol. uill. ;c28 cm. aMA aIndustrial laws and legislationxU.S. aCommercial lawxU.S. aLawxU.S.